Challenges of globalization (Record no. 6473)

MARC details
000 -LEADER
fixed length control field 00721 a2200193 4500
005 - DATE AND TIME OF LATEST TRANSACTION
control field 20080828125216.0
008 - FIXED-LENGTH DATA ELEMENTS--GENERAL INFORMATION
fixed length control field 080828t xxu||||| |||| 00| 0 eng d
010 ## - LIBRARY OF CONGRESS CONTROL NUMBER
LC control number ENG-87361
020 ## - INTERNATIONAL STANDARD BOOK NUMBER
Terms of availability 500.00
International Standard Book Number 8122005217
035 ## - SYSTEM CONTROL NUMBER
System control number EN-70894
037 ## - SOURCE OF ACQUISITION
Source of stock number/acquisition DBAD / PUB
082 ## - DEWEY DECIMAL CLASSIFICATION NUMBER
Classification number 303.482
245 ## - TITLE STATEMENT
Title Challenges of globalization
Statement of responsibility, etc edited by Bibek Debroy
260 ## - PUBLICATION, DISTRIBUTION, ETC. (IMPRINT)
Place of publication, distribution, etc Delhi
Name of publisher, distributor, etc Konark Publishers
Date of publication, distribution, etc 1998
270 ## - ADDRESS
Address A-149, Main Vikas Marg,
City Delhi
Postal code 110 092
300 ## - PHYSICAL DESCRIPTION
Extent xxii, 492p.
Dimensions 21cm (Hb )
942 ## - ADDED ENTRY ELEMENTS (KOHA)
Institution code [OBSOLETE] dpl
Koha item type English Books
Call number prefix 303.482 / CHA
Source of classification or shelving scheme Dewey Decimal Classification
Classification part 303.482
Call number suffix CHA
Holdings
Withdrawn status Lost status Damaged status Not for loan Home library Current library Date acquired Cost, normal purchase price Total Checkouts Full call number Barcode Date last seen Copy number Uniform Resource Identifier Cost, replacement price Price effective from Koha item type
        D.B.Act.Division D.B.Act.Division 28/08/2008 500.00   303.482 CHA EN-70894 15/09/2008 1 6965 500.00 15/09/2008 English Books

© Delhi Public Library
Hit Counter
free hit counter